000 00856cad a22002055a 4500
001 L153157
008 110615s2011 xxk f 000 0 eng d
035 _a(Sirsi) u153157
041 0 _aeng
050 0 4 _a336.2 $2 18
110 2 _aPerrys
_95952
245 0 0 _aBuy-to-let tax guide
_h[electronic resource]
260 _aSolihull
_bParagon Mortgages
_c2011
520 _aHighlights taxations issues for professional buy-to-let investors from point of purchase through to sale. Includes information on income tax, submitting annual tax returns and capital gains tax.
590 _aKA NTK
651 4 _aUNITED KINGDOM
690 _aPROPERTY-PROPERTY TAXATION
856 4 0 _uhttps://www.paragon-mortgages.co.uk/Files/PMLGeneric/Literature/Information/BTL%20Tax%20Guide_web.pdf
_zView the item free of charge at www.paragon-mortgages.co.uk
942 _n0
999 _c112403
_d112403